[Event "Mechanics' Spring TNM; 30/90, SD/30"]
[Site "San Francisco"]
[Date "2014.05.06"]
[Round "8.2"]
[White "Winslow, Elliott"]
[Black "Tsodikova, Natalya"]
[Result "1-0"]
[WhiteElo "2250"]
[BlackElo "2226"]
[PlyCount "73"]
[EventDate "2014.??.??"]

1. e4 c5 2. Nf3 d6 3. d4 cxd4 4. Nxd4 Nf6 5. Nc3 a6 6. Bg5 e6 7. f4 Be7 8. Qf3
h6 9. Bh4 Nbd7 10. O-O-O Qc7 11. Be2 g5 12. fxg5 Ne5 13. Qe3 Nfg4 14. Qd2 hxg5
15. Bxg5 Bxg5 16. Qxg5 Qe7 17. Qf4 Qh4 18. Bxg4 Qxg4 19. Qf6 Qh4 20. Qxh4 Rxh4
21. Nf3 Rg4 22. Rxd6 Nc4 23. Rd4 b5 24. b3 Na5 25. g3 Nc6 26. Rd6 Bb7 27. a3
Rc8 28. Kb2 Ke7 29. Rhd1 Rc7 30. R6d3 f6 {Diagram #} 31. Nd5+ exd5 32. exd5 Kf7
33. dxc6 Bxc6 34. Rf1 Rg8 35. Nd4 Be4 36. Re3 Bg6 37. Ref3 1-0

[Event "Mechanics' SummerTNM; 30/90, SD/30"]
[Site "San Francisco"]
[Date "2014.07.15"]
[Round "8.3"]
[White "Winslow, Elliott"]
[Black "Vickers, Keith"]
[Result "1-0"]
[WhiteElo "2235"]
[BlackElo "2200"]
[PlyCount "77"]
[EventDate "2014.??.??"]

1. e4 d5 2. exd5 Qxd5 3. Nf3 Nf6 4. d4 Bg4 5. Be2 e6 6. O-O Nc6 7. Be3 Be7 8.
h3 Bh5 9. c4 Qd7 10. Nbd2 O-O 11. g4 Bg6 12. Ne5 Nxe5 13. dxe5 Ne4 14. Nb3 Rfd8
15. Qxd7 Rxd7 16. Kg2 b6 17. Rfd1 Rad8 18. f3 Rxd1 19. Rxd1 Rxd1 20. Bxd1 Nc5
21. Nd4 a5 22. Nb5 Bd8 23. Bxc5 bxc5 24. b3 f6 25. exf6 gxf6 26. Na7 Be8 27. f4
Kf8 28. Bf3 Ke7 29. Bc6 Bg6 30. Nb5 Be8 31. Bxe8 Kxe8 32. f5 e5 33. Kf3 Kd7 34.
Nc3 c6 35. Ne4 Be7 36. g5 fxg5 37. Kg4 h6 38. f6 Bf8 39. Kf5 1-0

[Event "Mechanics' Whitehead TNM; 30/90, SD/30"]
[Site "San Francisco"]
[Date "2014.08.05"]
[Round "1.2"]
[White "Winslow, Elliott C"]
[Black "Reyes, Robert"]
[Result "1/2-1/2"]
[WhiteElo "2254"]
[BlackElo "1655"]
[Annotator "Winslow,Elliott C"]
[PlyCount "62"]
[EventDate "2014.??.??"]

1. d4 Nf6 2. c4 e6 3. Nf3 Bb4+ 4. Nbd2 d6 5. e3 Nbd7 6. Bd3 (6. Be2) 6... b6 7.
O-O Bxd2 8. Nxd2 Bb7 9. Qc2 c5 10. b3 Rc8 11. Bb2 O-O 12. Rae1 Re8 13. f4 h6
14. f5 e5 15. d5 a5 16. e4 Ba6 17. a4 Nf8 18. Nf3 N8h7 19. Bc1 Kh8 20. Kh1 Rg8
21. Qf2 Qf8 22. h3 Re8 23. g4 g5 24. fxg6 fxg6 25. Qg3 (25. g5 Nh5 26. Qh2 $1
Nf4 27. Nxe5 $1 dxe5 28. Rxf4 $1) 25... Qg7 26. Rf2 Rgf8 27. Ref1 Bc8 28. Bb2
Qe7 29. Nh4 Qg7 30. Nf3 Qe7 31. Qh4 Qg7 1/2-1/2

[Event "Mechanics' Whitehead TNM; 30/90, SD/30"]
[Site "San Francisco"]
[Date "2014.08.12"]
[Round "2.11"]
[White "Wishard, Bruce"]
[Black "Anderson, Michael"]
[Result "0-1"]
[WhiteElo "1412"]
[BlackElo "2006"]
[PlyCount "82"]
[EventDate "2014.??.??"]

1. e4 c5 2. Nf3 e6 3. Bb5 a6 4. Ba4 b5 5. Bb3 c4 6. Bxc4 bxc4 7. Nc3 Bb7 8. b3
cxb3 9. axb3 g6 10. O-O Bg7 11. Bb2 Ne7 12. d4 O-O 13. Na4 Bxe4 14. Nc5 Bxf3
15. Qxf3 d5 16. Nb7 Qc7 17. Nc5 a5 18. Qc3 Nbc6 19. Qe3 Nf5 20. Qd2 Ncxd4 21.
Nd3 Qxc2 22. Qxc2 Nxc2 23. Bxg7 Kxg7 24. Ra2 Nb4 25. Rd2 Nxd3 26. Rxd3 Rfb8 27.
h3 Rb4 28. g4 Nd4 29. Rb1 a4 30. Ra1 Nxb3 31. Ra3 Nc5 32. Rd1 Rb3 33. Rda1 Rab8
34. Rxb3 axb3 35. Rc1 b2 36. Rxc5 b1=Q+ 37. Kg2 Qe4+ 38. f3 Rb2+ 39. Kg3 Qe1+
40. Kf4 e5+ 41. Kg5 f6# 0-1

[Event "Mechanics' Whitehead TNM; 30/90, SD/30"]
[Site "San Francisco"]
[Date "2014.09.23"]
[Round "8.32"]
[White "Wishard, Bruce"]
[Black "Ayinala, Nihar"]
[Result "1-0"]
[WhiteElo "1412"]
[BlackElo "841"]
[PlyCount "75"]
[EventDate "2014.??.??"]

1. e4 c5 2. Nf3 Nc6 3. d4 cxd4 4. Nxd4 e6 5. Nxc6 bxc6 6. Bc4 g6 7. O-O Bg7 8.
Nc3 Ne7 9. Be3 d5 10. exd5 cxd5 11. Qf3 Bd7 12. Bb3 d4 13. Rad1 dxe3 14. fxe3
O-O 15. Ba4 Qa5 16. Rxd7 Nf5 17. e4 Nh6 18. Bb3 Bxc3 19. Qxc3 Qb6+ 20. Kh1 Qb5
21. Rd3 Rad8 22. Bc4 Qh5 23. Rh3 Qg5 24. Rg3 Qd2 25. Qxd2 Rxd2 26. Bd3 Kh8 27.
Kg1 Ng8 28. Rgf3 f5 29. exf5 exf5 30. Re3 Nf6 31. h3 Nd5 32. Re5 Nb4 33. Ra5
Nxd3 34. cxd3 Rxb2 35. Rxa7 Rd2 36. Rf3 Rb8 37. Re3 Rbb2 38. Re8# 1-0

[Event "Mechanics' Whitehead TNM; 30/90, SD/30"]
[Site "San Francisco"]
[Date "2014.09.09"]
[Round "6.36"]
[White "Wishard, Bruce"]
[Black "Bayaraa, Bilguun"]
[Result "1-0"]
[WhiteElo "1412"]
[BlackElo "544"]
[Annotator "Donaldson"]
[PlyCount "43"]
[EventDate "2014.??.??"]

1. Nf3 d5 2. d4 Nf6 3. e3 Nc6 4. Bd2 Bg4 5. h3 Bxf3 6. Qxf3 e6 7. c4 Be7 8. c5
b6 9. Bb5 Qd7 10. Na3 bxc5 11. Rc1 O-O 12. dxc5 Rab8 13. Qe2 a6 14. Bxa6 Rxb2
15. Rc2 Rxc2 16. Nxc2 Bxc5 17. O-O e5 18. Bb5 Qf5 19. Ne1 Nb4 20. a4 Nc2 $2 (
20... Rb8 $15) 21. Bd3 $1 e4 22. Bxc2 1-0

[Event "Mechanics' Whitehead TNM; 30/90, SD/30"]
[Site "San Francisco"]
[Date "2014.09.02"]
[Round "5.31"]
[White "Wishard, Bruce"]
[Black "Starr, Albert"]
[Result "0-1"]
[WhiteElo "1412"]
[BlackElo "1523"]
[PlyCount "114"]
[EventDate "2014.??.??"]

1. e4 e5 2. Nf3 Nf6 3. Bc4 Nxe4 4. Qe2 Nd6 5. Qxe5+ Qe7 6. Qxe7+ Bxe7 7. Bb3
O-O 8. O-O Nc6 9. d3 Bf6 10. Nc3 g6 11. Bg5 Bxg5 12. Nxg5 b6 13. Nf3 Bb7 14.
Bd5 Ne7 15. Bxb7 Nxb7 16. Rfe1 Rfe8 17. Re2 Nc5 18. Rae1 Ne6 19. d4 c6 20. a4
d5 21. b4 Kf8 22. b5 Rad8 23. Ne5 Nxd4 24. Rd2 c5 25. Nb1 f6 26. Nf3 Nxf3+ 27.
gxf3 Nf5 28. Rxe8+ Kxe8 29. Re2+ Kf7 30. Nc3 Nd4 31. Re3 Nxc2 32. Rd3 Nb4 33.
Rd2 d4 34. Ne4 Nd5 35. h3 Nf4 36. Kh2 Rd5 37. Rd1 Rh5 38. Nd6+ Ke6 39. Nc8
Rxh3+ 40. Kg1 Rxf3 41. Nxa7 Nd5 42. Re1+ Kf5 43. Nc6 Rd3 44. Ne7+ Nxe7 45. Rxe7
Rd1+ 46. Kg2 d3 47. Rxh7 c4 48. Rc7 Rc1 49. Rd7 Ke4 50. a5 bxa5 51. b6 Rb1 52.
b7 c3 53. Re7+ Kf5 54. Rd7 d2 55. Rd5+ Ke6 56. Rb5 Rxb5 57. b8=Q Rxb8 0-1

[Event "Mechanics' Fall TNM; 30/90, SD/30"]
[Site "San Francisco"]
[Date "2014.12.09"]
[Round "7.2"]
[White "Wong, Russell"]
[Black "Askin, Michael"]
[Result "1-0"]
[WhiteElo "2200"]
[BlackElo "1964"]
[PlyCount "93"]
[EventDate "2014.??.??"]

1. e4 c6 2. c4 d5 3. cxd5 cxd5 4. exd5 Qxd5 5. Nc3 Qa5 6. Nf3 Nf6 7. d4 Bg4 8.
Qb3 Bxf3 9. gxf3 Qb6 10. Qxb6 axb6 11. Bf4 e6 12. Bxb8 Rxb8 13. Bb5+ Ke7 14.
O-O Rd8 15. Rfd1 Nd5 16. Rac1 Kf6 17. Ne4+ Kg6 18. Kh1 f5 19. Nc3 Nxc3 20. Rxc3
Bd6 21. d5 Bc5 22. Rg1+ Kf6 23. dxe6 Bxf2 24. e7 Kxe7 25. Rxg7+ Kf6 26. Rcc7
Rhg8 27. Rcf7+ Ke5 28. Kg2 Rxg7+ 29. Rxg7 Rd2 30. Re7+ Kf4 31. Re2 Rxe2 32.
Bxe2 Bd4 33. b3 Ke3 34. Bb5 f4 35. a4 Bc3 36. Bc4 Kd4 37. Kh3 Ke3 38. Bd5 Bd4
39. Bxb7 Be5 40. Be4 h6 41. Kg4 Kd4 42. Kh5 Bg7 43. Kg6 Bf8 44. Kf7 Bc5 45. h4
Ke3 46. h5 Kf2 47. Kg7 1-0

[Event "Mechanics' Whitehead TNM; 30/90, SD/30"]
[Site "San Francisco"]
[Date "2014.08.26"]
[Round "4.8"]
[White "Wong, Russell"]
[Black "Bayaraa, Chinguun"]
[Result "1/2-1/2"]
[WhiteElo "2200"]
[BlackElo "1857"]
[PlyCount "48"]
[EventDate "2014.??.??"]

1. e4 c5 2. Nf3 d6 3. c3 Nf6 4. Bb5+ Bd7 5. Bxd7+ Qxd7 6. Qe2 Nc6 7. O-O g6 8.
d4 cxd4 9. cxd4 Bg7 10. Nc3 O-O 11. Qb5 Rad8 12. d5 Nb8 13. Qa5 Na6 14. Be3 --
15. h3 Ne8 16. Bxa7 {rest of scoresheet unreadable.} Nec7 17. Bd4 Bxd4 18. Nxd4
-- 19. Rac1 Nc5 20. Qb4 Ra8 21. Nb3 N7a6 22. Nxc5 Nxc5 23. -- Na4 24. Nxa4 Rxa4
1/2-1/2

[Event "Mechanics' Whitehead TNM; 30/90, SD/30"]
[Site "San Francisco"]
[Date "2014.09.02"]
[Round "5.9"]
[White "Wong, Russell"]
[Black "Flores, David"]
[Result "1-0"]
[WhiteElo "2200"]
[BlackElo "1793"]
[PlyCount "51"]
[EventDate "2014.??.??"]

1. e4 g6 2. d4 Bg7 3. Nc3 d6 4. Be3 Nc6 5. d5 Nb8 6. Qd2 c5 7. Bb5+ Bd7 8. Be2
a6 9. h4 Qa5 10. h5 b5 11. f4 b4 12. Nd1 Nf6 13. h6 Bf8 14. Nf2 Bb5 15. Bf3
Nfd7 16. Ne2 Nb6 17. b3 N8d7 18. Ng4 c4 19. O-O f5 20. exf5 gxf5 21. a4 fxg4
22. axb5 Qxb5 23. Nd4 c3 24. Qf2 Qc5 25. Nc6 g3 26. Bh5# 1-0

[Event "Mechanics' Whitehead TNM; 30/90, SD/30"]
[Site "San Francisco"]
[Date "2014.09.16"]
[Round "7.4"]
[White "Wong, Russell"]
[Black "Gaffagan, Steven"]
[Result "0-1"]
[WhiteElo "2200"]
[BlackElo "2129"]
[Annotator "Donaldson"]
[PlyCount "78"]
[EventDate "2014.??.??"]

1. e4 c5 2. Ne2 e6 3. d4 cxd4 4. Nxd4 d6 5. Nc3 a6 6. a4 Nf6 7. Be2 Be7 8. O-O
Nc6 9. Nb3 b6 10. f4 Bb7 11. Bf3 Qc7 12. Qe1 Rc8 13. Be3 O-O 14. Ne2 Rfe8 15.
c3 e5 16. f5 Nb8 17. Nd2 d5 18. Ng3 Nbd7 19. Kh1 dxe4 20. Ndxe4 Nd5 21. Nh5
N7f6 22. Nexf6+ Nxf6 23. Nxf6+ Bxf6 24. Bxb7 Qxb7 25. Qf2 Rc6 26. Rfd1 h5 27.
Rd2 h4 28. h3 Rd8 29. Rxd8+ Bxd8 30. Rd1 Rc8 31. Qe2 b5 32. axb5 axb5 33. Qg4
Bf6 34. Rd6 Rc4 35. Rb6 $2 (35. Qd1 Qe4 36. Bg1 Qxf5 37. Qd5 {
and White's activity compensates for the pawn.}) 35... Rxg4 36. Rxb7 Re4 37.
Bc5 Re1+ 38. Kh2 Bg5 39. g4 Re2+ {
White can still put up a lot of resistance with 40.Kh1 Rxb2 41.c4.} 0-1

[Event "Mechanics' Winter TNM; 30/90, SD/30"]
[Site "San Francisco"]
[Date "2014.02.18"]
[Round "7.2"]
[White "Wong, Russell"]
[Black "Gaffagan, Steven"]
[Result "1/2-1/2"]
[WhiteElo "2200"]
[BlackElo "2068"]
[Annotator "Gaffagan"]
[PlyCount "92"]
[EventDate "2014.??.??"]

{I have played many games with Russell over the years at the Mechanics
Institute. Always a pleasure, never easy!} 1. e4 e5 2. Nf3 Nc6 3. Bb5 ({
In the following game, White achieves the kind of dangerous set up mentioned
in the note to White's 14th move.} 3. Bc4 Bc5 4. b4 Bxb4 5. c3 Bc5 6. d4 exd4
7. O-O d6 8. cxd4 Bb6 9. d5 Na5 10. Bb2 Ne7 11. Bd3 O-O 12. Nc3 Ng6 13. Ne2 c5
14. Qd2 f6 15. Kh1 Bc7 16. Rac1 Rb8 17. Ng3 b5 18. Nf5 c4 19. Be2 b4 20. Bd4 c3
21. Qd1 Bb6 22. g4 Ne5 23. Bxb6 Qxb6 24. N3d4 Nac4 25. Ne6 Rf7 26. Rg1 Qxf2 27.
Rg2 Qb6 28. Bxc4 Nxc4 29. Qe1 Rbb7 30. g5 fxg5 31. Rxg5 Kh8 32. Qh4 Ne5 33.
Rcg1 Nf3 {I reckon White announced mate in 'x' number of moves. Can you see
it? 1-0 (33) Zukertort,J-Dufresne,J Berlin 1870}) 3... a6 4. Ba4 Nf6 5. O-O Be7
6. Re1 b5 7. Bb3 d6 8. c3 O-O 9. h3 h6 {Known as the Smyslov variation, after
the 7th World Champion. Black prepares to defend his central strong point -
the e5 pawn. This defence was also played by G. Kasparov in the controversial
game 2 from his 1997 rematch with Deep Blue.} 10. d4 Re8 11. Nbd2 Bf8 {
The bishop's retreat secures e5.} 12. d5 (12. Nf1 {
continues the tour to the king's wing. Grabbing a pawn with} exd4 13. cxd4 Rxe4
$2 {loses material to} 14. Rxe4 Nxe4 15. Bd5) 12... Ne7 13. Nf1 Bd7 14. Kh2 {
A rather surprising move. When he played it, I spent a moment and asked myself
'what is up?' OK, the center is closed and White plays Kh2. I remembered the
ancient, yet effective attacking formation: pawn g4, Rook g1, and Knight to f5.
For a recent example see the game Vallejo Pons,F (2705)-Harikrishna,P (2673)
Melilla ESP 2011, 1-0 (72).} c6 {cracking away at White's space advantage.} 15.
dxc6 Bxc6 {strengthening the pressure on d5, and preparing to break with d6-d5.
Of course, the Bb3 bears down on f7, so Black should be careful not to fall
for any strikes on that square.} (15... Nxc6 16. Ne3 Na5 (16... Nxe4 17. Qd5)
17. Bc2 {didn't seem like the right plan for Black.}) 16. Ng3 Qc7 $146 {
A natural move. The players were following a little known game where White
quickly returned his King to base.} (16... Ng6 17. Bc2 Qc7 18. Kg1 Rad8 19. Nh2
d5 $17 {and Black is doing well. 0-1 (55) Nilsson,Z-Kostro,J Lodz 1969}) 17. a4
$1 Ng6 18. Qc2 {It is unclear why this was played. Perhaps White wants to
retain the tension and complete development. Another idea: defending e4 (see
note to Black's 18th move).} d5 (18... Rad8 19. axb5 axb5 20. Be3 {
and White threatens Ra7.}) (18... Qb7 $1 {
increases the pressure on d5 and e4. What is White going to do to improve?})
19. axb5 axb5 20. Rxa8 Bxa8 21. exd5 Bxd5 22. Bxd5 Nxd5 23. Qd3 {I have to give
Russell credit for playing this sequence from move 19-23. White takes over a
bit of initiative.} Qc6 ({Serious thought was given to sacrificing the b5 pawn,
especially since I saw White's 24th move coming (24. Qe4), and thought it was
a bit annoying.} 23... Nf6 24. Qxb5 e4 25. Nd4 Bd6 {and indeed, the silicon
monster approves. However, I wasn't sure about yielding d4. After thinking for
24 minutes(?!) I didn't think the position was critical enough to give up a
pawn.}) 24. Qe4 Qe6 25. Kg1 ({I expected} 25. Qf5) 25... Nf6 26. Qb7 Qd7 (26...
Qc4 27. Ne4 Nxe4 28. Rxe4 Qb3 $11) 27. Qxd7 Nxd7 28. Nd4 b4 $1 29. Nb5 bxc3 $6
{Black misses a golden opportunity:} (29... Rb8 $1 30. c4 Rc8 31. b3 Nc5 32.
Re3 Rd8 $1 $19) 30. Nxc3 Rc8 31. Rd1 Nb6 32. Nf5 Bc5 33. g3 {
patiently asking Black to find a move.} Kf8 $6 ({A better move was} 33... Ne7 {
for example} 34. Nd6 Rc6 35. Nde4 Bd4 36. Nb5 Rc2 $11) 34. Ne4 Bd4 $6 35. b3 $1
Kg8 36. Nxd4 {losing the Bishop like this was not part of any plan.} exd4 37.
Bb2 Ne5 38. Kf1 (38. Bxd4 $2 Rd8 39. Kf1 Nc6 $17) 38... Nc6 39. Rc1 d3 40. Nd6
Rc7 41. Nb5 (41. Bxg7 d2 42. Rd1 Rd7 43. Nf5 Rd5 44. Ne3 Kxg7 45. Nxd5 Nxd5 46.
Rxd2 Ncb4 {With the clocks dwindling, either player would dread playing this
position! Black would have to be careful to avoid a position where his King is
cut off, and White's King marches to c4. White, of course, would have to
navigate against 2 Knights.}) (41. Nf5 Nd5 42. Nxg7 Rb7 43. Rxc6 Rxb3 {
is another murky line that either player would not have considered at the end
of the session.}) 41... Rc8 42. Nd6 Rc7 43. Rd1 Nb4 {Diagram #} 44. Ba3 ({
White misses his last chance to snatch the g7 pawn:} 44. Bxg7 Rc6 45. Nf5 Rc5
46. Bd4 Rxf5 47. Bxb6) 44... N6d5 45. Bxb4 Nxb4 46. Nc4 Rd7 1/2-1/2

[Event "Mechanics' Fall TNM; 30/90, SD/30"]
[Site "San Francisco"]
[Date "2014.11.18"]
[Round "4.7"]
[White "Wong, Russell"]
[Black "Lkhagvasuren, Zolboo"]
[Result "1-0"]
[WhiteElo "2200"]
[BlackElo "1854"]
[Annotator "Donaldson"]
[PlyCount "63"]
[EventDate "2014.??.??"]

1. e4 e5 2. Nf3 Nc6 3. Bc4 Bc5 4. c3 Nf6 5. d3 h6 6. O-O O-O 7. Nbd2 a6 8. Bb3
d6 9. Re1 Bg4 10. h3 Bd7 11. Nf1 Nh5 12. d4 $1 exd4 13. g4 $6 (13. cxd4) 13...
Nf6 $14 (13... dxc3 $5 14. gxh5 Bxh3 {offers good compensation for the piece.})
14. cxd4 Bb6 15. Ng3 Nh7 (15... Nxg4 $5 16. hxg4 Bxg4 $11) 16. Be3 Ne7 17. Qd2
Ng6 18. Nf5 Bxf5 19. gxf5 Nh4 20. Nh2 Ng5 21. Bxg5 hxg5 22. Rad1 Qf6 (22... c6)
23. Kh1 Qh6 24. Rg1 Rae8 25. Rxg5 Rxe4 26. Ng4 Rxg4 27. Rxg4 Qh7 $4 {Diagram #}
(27... Qxd2 28. Rxd2 Nxf5 $14) 28. f3 $2 (28. f6 $1 g6 29. Qf4 $18) 28... Nxf5
29. Kh2 g6 30. Bc2 Nh4 $2 (30... Nxd4 31. Rxd4 Bxd4 32. Qxd4 Re8 $16) 31. Qf4
Qh5 32. Rxh4 1-0

[Event "Mechanics' Winter TNM; 30/90, SD/30"]
[Site "San Francisco"]
[Date "2014.02.04"]
[Round "5.4"]
[White "Wong, Russell"]
[Black "Maser, Thomas"]
[Result "1-0"]
[WhiteElo "2200"]
[BlackElo "1947"]
[PlyCount "51"]
[EventDate "2014.??.??"]

1. e4 e5 2. Nf3 Nc6 3. Bb5 a6 4. Ba4 d6 5. c3 Bd7 6. O-O Nf6 7. Re1 g6 8. d4
Bg7 9. Nbd2 Qe7 10. d5 Nb8 11. Nf1 O-O 12. Ng3 Bg4 13. h3 Bxf3 14. Qxf3 Nbd7
15. h4 b5 16. Bc2 h6 17. h5 gxh5 18. Nxh5 Nxh5 19. Qxh5 Qf6 20. Re3 Qg6 21. Qh3
Nf6 22. Rg3 Qh5 23. Bxh6 Kh7 24. Bxg7 Qxh3 25. gxh3 Nh5 26. Bxf8 1-0

[Event "Mechanics' Winter TNM; 30/90, SD/30"]
[Site "San Francisco"]
[Date "2014.01.21"]
[Round "3.8"]
[White "Wong, Russell"]
[Black "Newey, Richard"]
[Result "1-0"]
[WhiteElo "2200"]
[BlackElo "1807"]
[Annotator "Donaldson"]
[PlyCount "47"]
[EventDate "2014.??.??"]

1. e4 d5 2. Nc3 d4 3. Nce2 e5 4. d3 c5 5. f4 Nc6 6. Nf3 Bd6 7. g3 Bg4 8. Bg2
Bxf3 9. Bxf3 h5 10. f5 Be7 11. a3 h4 12. g4 Bg5 13. h3 Be3 14. Bxe3 dxe3 15.
O-O Nd4 16. c3 Nxe2+ 17. Qxe2 Qg5 18. d4 a6 19. d5 Nf6 20. Rae1 Nh5 21. Qxe3
Nf4 (21... Qxe3+ 22. Rxe3 Nf4 {
offers black excellent compensation for the pawn.}) 22. Bg2 Rc8 (22... Qe7 23.
Rxf4 $1 exf4 24. Qxf4) 23. Rd1 Nxh3+ $4 (23... Rh6 24. c4 Rd6) 24. Qxh3 1-0

[Event "Mechanics' Fall TNM; 30/90, SD/30"]
[Site "San Francisco"]
[Date "2014.10.21"]
[Round "1.21"]
[White "Xu, Linmiao"]
[Black "Askin, Michael"]
[Result "0-1"]
[WhiteElo "1424"]
[BlackElo "1964"]
[Annotator "Donaldson"]
[PlyCount "60"]
[EventDate "2014.??.??"]

1. e4 c6 2. d4 d5 3. e5 Bf5 4. Bd3 Bxd3 5. Qxd3 e6 6. Nf3 Qb6 7. Nbd2 c5 8.
dxc5 Bxc5 9. O-O Nd7 10. Nb3 Ne7 11. Nxc5 Qxc5 12. Be3 Qc7 13. Bd4 O-O 14. Ng5
Ng6 15. h4 Rfc8 16. h5 Ngf8 17. Qf3 Nxe5 18. Bxe5 Qxe5 19. Qxf7+ Kh8 20. f4 Qc7
(20... Qxb2 $5) 21. Rf2 h6 22. Qxc7 Rxc7 23. Re1 $4 (23. Nf3 $11) 23... hxg5
24. fxg5 Kh7 25. g6+ Kh6 26. g4 Rac8 27. Ree2 Re7 28. Re5 Nd7 29. Ree2 Rc4 30.
Rg2 Kg5 0-1

[Event "Mechanics' Fall TNM; 30/90, SD/30"]
[Site "San Francisco"]
[Date "2014.12.09"]
[Round "7.25"]
[White "Xu, Linmiao"]
[Black "Lesquillier, Walter"]
[Result "1-0"]
[WhiteElo "1424"]
[BlackElo "1847"]
[PlyCount "54"]
[EventDate "2014.??.??"]

1. c4 Nf6 2. Nc3 g6 3. g3 Bg7 4. Bg2 c5 5. Nf3 Nc6 6. O-O O-O 7. d3 d6 8. Rb1
Rb8 9. Bd2 Bg4 10. Ne1 Qd7 11. Nc2 Bh3 12. b4 Bxg2 13. Kxg2 cxb4 14. Nxb4 Nxb4
15. Rxb4 Qc6+ 16. e4 e6 17. Qa4 Nd7 18. Qxa7 Nc5 19. Rb6 Qc8 20. Rxd6 Ra8 21.
Qb6 Ra6 22. Qxa6 bxa6 23. d4 Nb7 24. Rxa6 Qxc4 25. Ra4 Qc6 26. Rb1 Rd8 27. Rab4
Nd6 {Black is winning here but he ended up losing.} 1-0

[Event "Mechanics' Fall TNM; 30/90, SD/30"]
[Site "San Francisco"]
[Date "2014.11.18"]
[Round "4.19"]
[White "Xu, Linmiao"]
[Black "Reyes, Robert"]
[Result "1/2-1/2"]
[WhiteElo "1424"]
[BlackElo "1609"]
[Annotator "Donaldson"]
[PlyCount "66"]
[EventDate "2014.??.??"]

1. g3 e5 2. c4 Nf6 3. Nc3 Be7 4. Bg2 c6 5. Nf3 d6 6. d3 Be6 7. Ng5 Qd7 8. Nxe6
Qxe6 9. Qb3 Qd7 10. O-O Na6 11. Be3 O-O 12. h3 Rfd8 13. Qa4 d5 14. cxd5 cxd5
15. Qxd7 Rxd7 16. Bg5 d4 17. Bxf6 Bxf6 18. Nb5 Nc7 19. Bxb7 Rb8 20. Bc6 Re7 21.
Rac1 Nxb5 22. Bxb5 g6 23. a4 Reb7 24. Rc6 Bg5 25. b3 Bd2 26. Kg2 Rb6 27. Rc7
R8b7 28. Rxb7 Rxb7 29. Rd1 Bc3 30. g4 Rb6 31. g5 a6 32. Bc4 a5 33. Kf3 Kf8 {
White should play on with Ke4 and Rh1 followed by advancing the h-pawn.}
1/2-1/2

[Event "Mechanics' Spring TNM; 30/90, SD/30"]
[Site "San Francisco"]
[Date "2014.04.08"]
[Round "4.19"]
[White "Yamamoto, Craig"]
[Black "Afkham-Ebrahimi, Payam"]
[Result "0-1"]
[WhiteElo "1500"]
[BlackElo "1897"]
[PlyCount "74"]
[EventDate "2014.??.??"]

1. e4 d6 2. d4 g6 3. Bc4 Nf6 4. f3 Bg7 5. Ne2 O-O 6. c3 Nc6 7. O-O h5 8. Be3 h4
9. Qd2 Kh7 10. Na3 d5 11. Bd3 h3 12. g3 e5 13. Nc2 dxe4 14. fxe4 Ng4 15. d5
Nxe3 16. Nxe3 Ne7 17. c4 Bh6 18. Nc3 Ng8 19. Qe2 Qg5 20. Ncd1 Nf6 21. Rf3 Bg4
22. Nxg4 Nxg4 23. Qf1 f5 24. exf5 Kg7 25. Qe2 gxf5 26. Bc2 Rae8 27. a4 e4 28.
Rc3 Ne5 29. Kh1 Nf3 30. Qf2 e3 31. Qxf3 e2 32. Ne3 Rxe3 33. Rxe3 Qxe3 34. Qxe3
Bxe3 35. Re1 f4 36. Rxe2 f3 37. Re1 f2 0-1

[Event "Mechanics' SummerTNM; 30/90, SD/30"]
[Site "San Francisco"]
[Date "2014.06.24"]
[Round "5.15"]
[White "Yamamoto, Craig"]
[Black "Askin, Michael"]
[Result "0-1"]
[WhiteElo "1577"]
[BlackElo "1898"]
[Annotator "Winslow,Elliott C"]
[PlyCount "44"]
[EventDate "2014.??.??"]

1. e4 c5 2. Nf3 d6 3. d4 cxd4 4. Nxd4 Nf6 5. Nc3 a6 6. Be2 e5 7. Nb3 Be7 8. O-O
O-O 9. Be3 Be6 10. Bf3 Nbd7 11. Qe2 (11. Qd2 Qc7 12. Rfd1) 11... Qc7 12. Rad1
$4 Bc4 13. Qd2 Bxf1 14. Kxf1 Rfe8 15. Bg5 h6 16. Bh4 Rad8 17. Kg1 Nb6 18. g4
Nxe4 19. Nxe4 Bxh4 20. g5 d5 21. gxh6 dxe4 22. h7+ Kh8 0-1

[Event "Mechanics' Fall TNM; 30/90, SD/30"]
[Site "San Francisco"]
[Date "2014.11.18"]
[Round "4.44"]
[White "Yamamoto, Craig"]
[Black "Ayinala, Shree"]
[Result "1-0"]
[WhiteElo "1625"]
[BlackElo "1180"]
[PlyCount "101"]
[EventDate "2014.??.??"]

1. c4 c5 2. Nf3 d6 3. d4 cxd4 4. Nxd4 Nc6 5. e4 g6 6. Nc3 Bg7 7. Be3 Nf6 8. Qd2
Bd7 9. f3 a6 10. O-O-O Qc7 11. g4 Ne5 12. Be2 Nxc4 13. Bxc4 Qxc4 14. Kb1 h5 15.
g5 Nh7 16. h4 Nf8 17. Nd5 Qc8 18. Nb6 Qb8 19. Nxa8 Qxa8 20. Rc1 Ne6 21. Nxe6
Bxe6 22. Bd4 O-O 23. Bxg7 Kxg7 24. Qd4+ Kh7 25. Qb6 Rc8 26. Rxc8 Qxc8 27. Rc1
Bxa2+ 28. Kxa2 Qxc1 29. Qxb7 Qc4+ 30. Qb3 Qxb3+ 31. Kxb3 Kg8 32. Kb4 Kf8 33.
Ka5 Ke8 34. Kxa6 Kd7 35. Kb5 f5 36. exf5 gxf5 37. Kc4 e5 38. Kd5 Ke7 39. b4 Kd7
40. b5 e4 41. fxe4 f4 42. Kd4 Kc7 43. g6 Kb6 44. g7 Kxb5 45. g8=Q Kc6 46. Qd5+
Kd7 47. e5 f3 48. Qxd6+ Ke8 49. e6 f2 50. Qd7+ Kf8 51. Qf7# 1-0